Представление документа в формате MARC21

ПолеНазваниеЗначение
  Тип записи a
  Библиографический уровень m
001 Контрольный номер RU\infra-m\znanium\bibl\2210804
005 Дата корректировки 20260429142400.3
008 Кодируемые данные 251216s2025 RU g rus u
020 Индекс ISBN __
a ISBN 978-5-16-021010-0
020 Индекс ISBN __
a ISBN 978-5-16-113721-5 (электр. издание)
040 Источник каталогиз. __
a Служба первич. каталог. Общество с ограниченной ответственностью «ЗНАНИУМ»
041 Код языка издания __
a Код языка текста rus
044 Код страны публикации __
a Код страны публикации RU
080 Индекс УДК __
a Индекс УДК 339.378(075.8)
084 Индекс другой классификации/Индекс ББК __
2 Источник индекса rubbk
a Индекс другой классификации/Индекс ББК 65.422.21я73
084 Индекс другой классификации/Индекс ББК __
2 Источник индекса okso
a Индекс другой классификации/Индекс ББК 38.03.02
084 Индекс другой классификации/Индекс ББК __
2 Источник индекса okso
a Индекс другой классификации/Индекс ББК 38.03.06
084 Индекс другой классификации/Индекс ББК __
2 Источник индекса okso
a Индекс другой классификации/Индекс ББК 38.04.02
084 Индекс другой классификации/Индекс ББК __
2 Источник индекса okso
a Индекс другой классификации/Индекс ББК 38.04.06
084 Индекс другой классификации/Индекс ББК __
2 Источник индекса okso
a Индекс другой классификации/Индекс ББК 38.04.07
100 Автор __
a Автор Чеглов В.П.
q Полное имя Чеглов Вячеслав Петрович
u Дополнение Российский экономический университет им. Г.В. Плеханова
245 Заглавие __
a Заглавие Торговое дело. Хозяйственная деятельность торговых сетей
b Продолж. заглавия Учебник
c Ответственность Российский экономический университет им. Г.В. Плеханова
250 Сведения об издании __
a Основные сведения об издании 1
260 Выходные данные __
a Место издания Москва
b Издательство ООО "Научно-издательский центр ИНФРА-М"
c Дата издания 2026
300 Физическое описание __
a Объем 358 с.
440 Серия __
a Серия Высшее образование
520 Аннотация __
a Аннотация Учебник обобщает двадцатилетний опыт работы автора в таких крупных сетевых торговых компаниях как «Класс» (Магнитогорск) ПФК «БИН» X5 Group. Написан в соответствии с учебным планом и учебно-методическим комплексом по дисциплине «Хозяйственная деятельность торговых сетей» входящей в цикл учебных дисциплин образовательной программы «Организация и технология торгового бизнеса» направление «Торговое дело». Охватывает широкий круг вопросов связанных с теорией торговых сетей и практикой работы сетевых предприятий розничной торговли. Знакомит читателей с институциональными формами организации сетевого бизнеса в торговле современными форматами розничной торговли организацией торгового процесса по сетевому принципу особенностями управления ассортиментной политики и маркетинга действующими законодательными и нормативными актами регламентирующими хозяйственную деятельность сетевых компаний розничной торговли. Соответствует требованиям федеральных государственных образовательных стандартов высшего образования последнего поколения. Для студентов экономических и торговых вузов слушателей университетов и учебных центров торговых компаний менеджеров занятых в ритейле.
521 Примеч. о цел. назн. __
a Примеч. о целев. назн. ВО - Магистратура
650 Тематические рубрики __
a Основная рубрика Бизнес. Предпринимательство. Сервис
x Основная подрубрика Розничная торговля. Вендинг
655 Указ. предметных рубрик (устаревшее) __
a Жанр/ форма (устаревшее) Учебник
856 Электронный адрес документа 4_
a Имя сервера/домена znanium.ru
m Помощь ebs_support@infra-m.ru
n Местонахождение сервера НИЦ ИНФРА-М
u URL https://znanium.ru/catalog/document?id=474077
856 Электронный адрес документа 48
a Имя сервера/домена znanium.ru
d Путь /cover/2210
f Электронное имя 2210804.jpg
q Тип электронного формата image/jpeg
u URL https://znanium.ru/cover/2210/2210804.jpg
911 __
u 0030=https://znanium.ru/catalog/document?id=474077